000
00266nam a22001097a 4500
082
_a
624
_b
BHA
100
_a
SS, Bhavikalti
245
_a
Elements of civil Engineering .
300
_c
23cm
942
_2
ddc
_c
BK
999
_c
554501
_d
554501